000 00911cam a2200289 a 4500
001 000018590
005 20200929165828.0
008 731015s1984 sp 000 1 spa d
020 _a8432082201
020 _a8432082007 (col. completa)
040 _aDO-SdBNP
_bspa
_cLC
_dBNPHU
041 1 7 _aspa
_heng
_2Código de idioma MARC
082 _a823.91
_bC617t
100 1 _aClavell, James.
_940193
240 0 _aTai-Pan.
_lEspañol
245 0 _aTai-Pan /
_cJames Clavell ; traducción Fernando Corripio.
260 _aBarcelona :
_bPlaneta ;
_bBruguera,
_c1984.
300 _a735 p. ;
_c19 cm.
490 1 _aBestSellers Planeta,
_v20
534 _aTítulo original :
_tTai-Pan
651 4 _aNovela Inglesa
_940194
650 4 _aLiteratura inglesa
_9498
700 1 _aCorripio, Fernando,
_etr.
_940195
830 0 _aBestSellers Planeta,
_v20
_911620
910 _aCatalogación derivada / LC
049 _aBNGR
999 _c18110
_d18110